书目信息 |
| 题名: |
模拟电子线路习题精解
|
|
| 作者: | 宋文涛 编 | |
| 分册: | ||
| 出版信息: | 北京 科学出版社 2003 |
|
| 页数: | 482页 | |
| 开本: | 24cm | |
| 丛书名: | 高等院校电子信息类学习指导丛书 | |
| 单 册: | ||
| 中图分类: | TN710-44 | |
| 科图分类: | ||
| 主题词: | 模拟电路--解题--高等学校 | |
| 电子资源: | ||
| ISBN: | 7-03-010744-6 | |
| 000 | 00870oam2 2200241 45 | |
| 001 | 002221318 | |
| 005 | 20050404092054.7 | |
| 010 | @a7-03-010744-6@dCNY34.00 | |
| 100 | @a20030103d2003 em y0chiy0110 ea | |
| 101 | 0 | @achi |
| 102 | @aCN@b110000 | |
| 105 | @ay q 000yy | |
| 200 | 1 | @a模拟电子线路习题精解@Amo ni dian zi xian lu xi ti jing jie@f宋文涛等编@FSong Wen Tao Deng Bian |
| 210 | @a北京@c科学出版社@d2003 | |
| 215 | @a482页@d24cm | |
| 225 | 2 | @a高等院校电子信息类学习指导丛书 |
| 330 | @a本书包括半导体器件与模型、基本放大电路、高频放大电路、正弦波振荡、基本电子测量仪器等19章内容。每章列出重点与难点、例题精选、习题及答案。 | |
| 410 | @1001002168697@1@12001 @a高等院校电子信息类学习指导丛书 | |
| 606 | 0 | @a模拟电路@x解题@x高等学校 |
| 690 | @aTN710-44@v4 | |
| 701 | 0 | @a宋文涛@4编 |
| 801 | 0 | @aCN@bNLC@c20030213 |
| 905 | @b347561-565@dTN710-44@e158@f5 | |
| 模拟电子线路习题精解/宋文涛等编.-北京:科学出版社,2003 |
| 482页;24cm.-(高等院校电子信息类学习指导丛书) |
| ISBN 7-03-010744-6:CNY34.00 |
| 本书包括半导体器件与模型、基本放大电路、高频放大电路、正弦波振荡、基本电子测量仪器等19章内容。每章列出重点与难点、例题精选、习题及答案。 |
| ● |
| 相关链接 |
|
|
|
|
正题名:模拟电子线路习题精解
索取号:TN710-44/158
 
预约/预借
| 序号 | 登录号 | 条形码 | 馆藏地/架位号 | 状态 | 备注 |
| 1 | 0347561 | 203475612 | 第二样本阅览室/ [索取号:TN710-44/158] | 在馆 | |
| 2 | 0347562 | 203475621 | 第三借阅区/ [索取号:TN710-44/158] | 在馆 | |
| 3 | 0347563 | 203475630 | 第三借阅区/ [索取号:TN710-44/158] | 在馆 | |
| 4 | 0347564 | 203475649 | 第三借阅区/ [索取号:TN710-44/158] | 在馆 | |
| 5 | 0347565 | 203475658 | 第三借阅区/ [索取号:TN710-44/158] | 在馆 |